Modernizing the state : (Record no. 110467)

MARC details
000 -LEADER
campo de control de longitud fija 01123cam a2200313Ia 4500
001 - NÚMERO DE CONTROL
campo de control 50567
005 - FECHA Y HORA DE LA ÚLTIMA TRANSACCIÓN
campo de control 20230411090003.0
008 - DATOS DE LONGITUD FIJA--INFORMACIÓN GENERAL
campo de control de longitud fija 061005s2006 jm b 001 0 eng d
035 ## - NÚMERO DE CONTROL DEL SISTEMA
Número de control de sistema (OCoLC)ocm71890714
040 ## - FUENTE DE CATALOGACIÓN
Centro catalogador/agencia de origen YDXCP
Centro/agencia transcriptor YDXCP
Centro/agencia modificador OCLCQ
-- BXM
020 ## - NÚMERO INTERNACIONAL ESTÁNDAR DEL LIBRO
Número Internacional Estándar del Libro 9766372470 ($25.00)
020 ## - NÚMERO INTERNACIONAL ESTÁNDAR DEL LIBRO
Número Internacional Estándar del Libro 9789766372477 ($25.00)
029 0# - OTRO NÚMERO DE CONTROL DE SISTEMA (OCLC)
Identificador de la biblioteca OCLC YDXCP
Número de control de sistema 2372199
029 1# - OTRO NÚMERO DE CONTROL DE SISTEMA (OCLC)
Identificador de la biblioteca OCLC NLGGC
Número de control de sistema 296067695
035 ## - NÚMERO DE CONTROL DEL SISTEMA
Número de control de sistema (OCoLC)71890714
043 ## - CÓDIGO DE ÁREA GEOGRÁFICA
Código de área geográfica cc-----
090 ## - LOCALMENTE ASIGNADO TIPO-LC NÚMERO DE CLASIFICACIÓN (OCLC); NÚMERO DE CLASIFICACIÓN LOCAL (RLIN)
Número de clasificación (OCLC) (R) ; Numero de clasificación, CALL (RLIN) (NR) JL599.5.A58
Número cutter local (OCLC) ; Número de libro/Signatura topográfica íntegra, CALL (RLIN) S88 2006
049 ## - FONDOS LOCALES (OCLC)
Biblioteca depositaria GRAL
100 1# - ENTRADA PRINCIPAL--NOMBRE DE PERSONA
Nombre de persona Sutton, Paul K.
245 10 - MENCIÓN DEL TÍTULO
Título Modernizing the state :
Resto del título public sector reform in the Commonwealth Caribbean /
Mención de responsabilidad, etc. Paul Sutton ; with contributions from Ann Marie Bissessar, Philip Osei, Michael Scott.
260 ## - PUBLICACIÓN, DISTRIBUCIÓN, ETC.
Lugar de publicación, distribución, etc. Kingston, Jamaica ;
-- Miami, Fla. :
Nombre del editor, distribuidor, etc. Ian Randle Publishers,
Fecha de publicación, distribución, etc. 2006.
300 ## - DESCRIPCIÓN FÍSICA
Extensión xxiii, 232 p. ;
Dimensiones 24 cm.
504 ## - NOTA DE BIBLIOGRAFÍA, ETC.
Nota de bibliografía, etc. Includes bibliographical references and index.
650 #0 - PUNTO DE ACCESO ADICIONAL DE MATERIA--TÉRMINO DE MATERIA
Término de materia o nombre geográfico como elemento de entrada Public administration
Subdivisión geográfica Caribbean, English-speaking.
650 #0 - PUNTO DE ACCESO ADICIONAL DE MATERIA--TÉRMINO DE MATERIA
Término de materia o nombre geográfico como elemento de entrada Civil service reform
Subdivisión geográfica Caribbean, English-speaking.
938 ## -
-- YBP Library Services
-- YANK
-- 2372199
942 ## - ELEMENTOS DE ENTRADA SECUNDARIOS (KOHA)
Fuente del sistema de clasificación o colocación Clasificación de Library of Congress
Tipo de ítem Koha
994 ## -
-- C0
-- DRFGD
Holdings
Estatus retirado Estado de pérdida Fuente del sistema de clasificación o colocación Estado de daño No para préstamo Colección Biblioteca de origen Biblioteca actual Ubicación en estantería Fecha de adquisición Código de barras Visto por última vez Copia número Tipo de ítem Koha
    Clasificación de Library of Congress     Automatización y Procesos Técnicos Biblioteca Juan Bosch Biblioteca Juan Bosch Automatización y Procesos Técnicos (1er. Piso) 11/04/2023 00000052283 17/02/2019 1